| 000 | 01330nam a2200361Ia 4500 | ||
|---|---|---|---|
| 001 | ebr10532383 | ||
| 003 | CaPaEBR | ||
| 006 | m u | ||
| 007 | cr cn||||||||| | ||
| 008 | 090828s2009 ilua sb s001 0 eng d | ||
| 010 | _z 2009034660 | ||
| 020 | _z0252034961 | ||
| 020 | _z025207680X | ||
| 020 | _z9780252034961 | ||
| 020 | _z9780252076800 | ||
| 020 | _z9780252090882 | ||
| 040 |
_aCaPaEBR _cCaPaEBR |
||
| 035 | _a(OCoLC)785781230 | ||
| 050 | 1 | 4 |
_aLC5803.C65 _bU7 2009eb |
| 245 | 0 | 0 |
_aUbiquitous learning _h[electronic resource] / _cedited by Bill Cope & Mary Kalantzis. |
| 260 |
_aUrbana : _bUniversity of Illinois Press, _cc2009. |
||
| 300 |
_axii, 279 p. : _bill. |
||
| 504 | _aIncludes bibliographical references and index. | ||
| 533 |
_aElectronic reproduction. _bPalo Alto, Calif. : _cebrary, _d2011. _nAvailable via World Wide Web. _nAccess may be limited to ebrary affiliated libraries. |
||
| 650 | 0 |
_aDistance education _xComputer-assisted instruction. |
|
| 650 | 0 | _aIndividualized instruction. | |
| 650 | 0 | _aBlended learning. | |
| 655 | 7 |
_aElectronic books. _2local |
|
| 700 | 1 | _aCope, Bill. | |
| 700 | 1 | _aKalantzis, Mary. | |
| 710 | 2 | _aebrary, Inc. | |
| 856 | 4 | 0 |
_uhttp://site.ebrary.com/lib/rucke/Doc?id=10532383 _zAn electronic book accessible through the World Wide Web; click to view |
| 999 |
_c234938 _d234938 |
||